000 00229nam a22000977a 4500
003 SGT
245 _aJournal of scientific & industrial research
260 _bIndian National Science Academy
_c2019
300 _a600
942 _2ddc
_cBV
999 _c29056
_d29056